Land policy: problems and alternatives (Record no. 85605)
[ view plain ]
| 000 -LEADER | |
|---|---|
| fixed length control field | 00466cam a2200193 4500 |
| 001 - CONTROL NUMBER | |
| control field | D6456 |
| 008 - FIXED-LENGTH DATA ELEMENTS--GENERAL INFORMATION | |
| fixed length control field | 090401t1985 xxu||||| |||| 00| 0 eng d |
| 035 ## - SYSTEM CONTROL NUMBER | |
| System control number | (Sirsi) u964 |
| 041 ## - LANGUAGE CODE | |
| Language code of text/sound track or separate title | eng |
| 050 ## - LIBRARY OF CONGRESS CALL NUMBER | |
| Classification number | 333.1 |
| 100 ## - MAIN ENTRY--PERSONAL NAME | |
| Personal name | Barrett, Susan (ed) |
| 245 ## - TITLE STATEMENT | |
| Title | Land policy: problems and alternatives |
| 260 ## - PUBLICATION, DISTRIBUTION, ETC. | |
| Place of publication, distribution, etc. | Aldershot, Hants |
| Name of publisher, distributor, etc. | Gower |
| Date of publication, distribution, etc. | 1985 |
| 300 ## - PHYSICAL DESCRIPTION | |
| Extent | xi. 392p. 22cm |
| 350 ## - PRICE (NR) (BK AM CF MU VM SE) [OBSOLETE] | |
| Price | 19.5 |
| 700 ## - ADDED ENTRY--PERSONAL NAME | |
| Personal name | Healey, Patsy (ed) |
| 942 ## - ADDED ENTRY ELEMENTS (KOHA) | |
| Suppress in OPAC | 0 |
| 948 ## - LOCAL PROCESSING INFORMATION (OCLC); SERIES PART DESIGNATOR (RLIN) | |
| c (OCLC) | 04/03/1997 |
| Withdrawn status | Lost status | Source of classification or shelving scheme | Damaged status | Not for loan | Home library | Current library | Shelving location | Date acquired | Cost, normal purchase price | Total Checkouts | Full call number | Barcode | Date last seen | Date last checked out | Copy number | Cost, replacement price | Price effective from | Koha item type |
|---|---|---|---|---|---|---|---|---|---|---|---|---|---|---|---|---|---|---|
| Dewey Decimal Classification | London | London | Books | 14/09/1999 | 19.50 | 12 | 333.1 | 30000556 | 06/08/2019 | 13/04/2004 | 1 | 19.50 | 06/08/2019 | Book |